| 000 | 01002nam a22002535a 4500 | ||
|---|---|---|---|
| 999 |
_c27554 _d27525 |
||
| 003 | EG-ScBUE | ||
| 005 | 20190620105939.0 | ||
| 008 | 190620s2016 ua grb 000 0 ara d | ||
| 040 |
_aEG-ScBUE _bara _cEG-ScBUE _dEG-ScBUE |
||
| 082 | 0 | 4 |
_a297.283 _bح م ا _222 |
| 245 | 0 | 0 |
_aحماية الكنائس في الإسلام / _cتقديم محمد مختار جمعة، شوقي علام. |
| 260 |
_aالقاهرة : _bوزارة الأوقاف، المجلس الأعلى للشئون الإسلامية، _c2016. |
||
| 300 |
_a88 ص. ؛ _c22 سم. |
||
| 490 | 0 |
_aقضايا إسلامية ؛ _v230 |
|
| 504 | _aيشتمل على إرجاعات ببليوجرافية. | ||
| 541 |
_aMr. Samy El-Masry ; _cDonation ; |
||
| 650 | 7 |
_aالإسلام والمسيحية. _2BUEsh |
|
| 650 | 7 |
_aالكنائس _zمصر. _2BUEsh |
|
| 651 | _2BUEsh | ||
| 653 |
_bGGEN _cJune2019 |
||
| 700 | 1 |
_aجمعة، محمد مختار، _eمقدم. |
|
| 700 | 1 |
_aعلام، شوقي، _eمقدم. |
|
| 942 | _2ddc | ||